|
|
|
|
| LEADER |
01612njm a2200421 a 4500 |
| 001 |
000459863 |
| 003 |
CZ BrMZK |
| 005 |
20100611112610.0 |
| 008 |
000105s1969 xr f und d |
| 028 |
0 |
3 |
|a 0 12 0619
|b Supraphon
|
| 040 |
|
|
|a BOA001
|b cze
|
| 080 |
|
|
|a 784.1.087.684(086.7)
|2 MRF
|
| 245 |
0 |
0 |
|a Moderné francúzské zbory bez sprievodu
|h [zvukový záznam]
|
| 246 |
3 |
3 |
|a Tri piesne
|
| 246 |
3 |
3 |
|a Dve poémy
|
| 246 |
3 |
3 |
|a Lahodným hlasom
|
| 246 |
3 |
3 |
|a Sedem piesní
|
| 260 |
|
|
|a Praha :
|b Supraphon,
|c p1969
|
| 300 |
|
|
|a 1 LP deska :
|b 33 ot/min ;
|c 30 cm +
|e 1 brož. (19 s.).
|
| 490 |
1 |
|
|a Gramofonový klub
|
| 500 |
|
|
|a Texty skladeb v brož. vícejaz.
|
| 500 |
|
|
|a Nahr. 1968
|
| 500 |
|
|
|a Durata neuv
|
| 505 |
2 |
|
|a Sedem piesni, Dve poémy, Tri piesne ... [et al.]
|
| 511 |
0 |
|
|a Spevácky zbor Slovenskej filharmónie, dir. Ján Maria Dobrodinsky
|
| 653 |
0 |
|
|a impresionismus(hudeb.)
|a smíšené sbory
|
| 700 |
1 |
|
|a Ravel, Maurice,
|d 1875-1937
|7 jn19990006862
|4 cmp
|
| 700 |
1 |
|
|a Schmitt, Florent,
|d 1870-1958
|7 jo2009532199
|4 cmp
|
| 700 |
1 |
|
|a Debussy, Claude,
|d 1862-1918
|7 jn19990001672
|4 cmp
|
| 700 |
1 |
|
|a Dobrodinský, Jan Mária,
|d 1925-
|7 jn20000400477
|4 cnd
|
| 700 |
1 |
|
|a Milhaud, Darius,
|d 1892-1974
|7 jn19990005716
|4 cmp
|
| 700 |
1 |
|
|a Poulenc, Francis,
|d 1899-1963
|7 jn19990006661
|4 cmp
|
| 710 |
2 |
|
|a Slovenská filharmónia.
|b Zbor
|7 ko2004264261
|
| 830 |
|
0 |
|a Gramofonový klub
|
| 910 |
|
|
|a BOA001
|b LP-0008.099
|
| 964 |
|
|
|a Sbory smíšené a cappella
|x LP
|
| 990 |
|
|
|a AV
|
| 996 |
6 |
|
|b 261H008691
|c LP-0008.099
|l MZK
|r Sklad / do 24 hodin
|n 0
|p kup
|w 000459863
|u 000010
|a 1
|e BOA001
|j MZK50
|s P
|